| 000 | 00496nam a2200169 i 4500 | ||
|---|---|---|---|
| 001 | bg | ||
| 100 | 1 | _aSELVADURAI, A. P. S. | |
| 245 | 0 |
_aElastic analysis of soil-foundation interaction / _cA.P.S. Selvadurai. |
|
| 260 |
_aAmsterdam : _bElsevier, _c1979. |
||
| 490 | 1 |
_aDevelopments in Geotechnical Engineering ; _v17 |
|
| 830 | _aDevelopments in Geotechnical Engineering ; | ||
| 040 | _cBPK | ||
| 041 | _apol | ||
| 080 | _a624.15 | ||
| 942 | _cKS | ||
| 008 | s pl f |000 0 pol | ||
| 999 |
_c28264 _d28264 |
||
| 856 |
_uhttp://koha.tu.koszalin.pl/cgi-bin/koha/opac-detail.pl?biblionumber=28264 _yKatalog online BPK |
||